Mr. Gallion's School (Record no. 1826)

MARC details
000 -LEADER
fixed length control field 00335nam a22001337a 4500
003 - CONTROL NUMBER IDENTIFIER
control field OSt
005 - DATE AND TIME OF LATEST TRANSACTION
control field 20160727222454.0
008 - FIXED-LENGTH DATA ELEMENTS--GENERAL INFORMATION
fixed length control field 160705b xxu||||| |||| 00| 0 eng d
100 ## - MAIN ENTRY--PERSONAL NAME
9 (RLIN) 2131
Personal name Stuart, J
245 ## - TITLE STATEMENT
Title Mr. Gallion's School
260 ## - PUBLICATION, DISTRIBUTION, ETC. (IMPRINT)
Place of publication, distribution, etc. N.Y
Name of publisher, distributor, etc. Mc Graw Hill Book Com
Date of publication, distribution, etc. 1961
300 ## - PHYSICAL DESCRIPTION
Extent Mr. Gallion's School
942 ## - ADDED ENTRY ELEMENTS (KOHA)
Source of classification or shelving scheme Dewey Decimal Classification
Koha item type BOOK
Holdings
Withdrawn status Lost status Source of classification or shelving scheme Damaged status Not for loan Home library Current library Shelving location Date acquired Total Checkouts Full call number Barcode Date last seen Date last checked out Price effective from Koha item type
    Dewey Decimal Classification     Good Samaritan School Library Good Samaritan School Library FICTION 07/05/2016 1 823 STU1246 01/20/2020 01/10/2020 07/05/2016 BOOK

Powered by Koha